La ciudad al sol / (Record no. 127762)

MARC details
000 -LEADER
campo de control de longitud fija 00671nam a2200193 4500
001 - NÚMERO DE CONTROL
campo de control 127762
003 - IDENTIFICADOR DE NÚMERO DE CONTROL
campo de control ES-MaACL
005 - FECHA Y HORA DE LA ÚLTIMA TRANSACCIÓN
campo de control 20251010173803.0
007 - CAMPO FIJO DE DESCRIPCIÓN FÍSICA--INFORMACIÓN GENERAL
campo de control de longitud fija t|
008 - DATOS DE LONGITUD FIJA--INFORMACIÓN GENERAL
campo de control de longitud fija 070214s1970 sp r ||||1| spa d
100 0# - ENTRADA PRINCIPAL--NOMBRE DE PERSONA
Nombre de persona Río, Emilio del,
Fechas asociadas al nombre 1928-2022
9 (RLIN) 97300
245 13 - MENCIÓN DEL TÍTULO
Título La ciudad al sol /
Mención de responsabilidad, etc. Emilio del Río ; dibujos de Rafael Alvarez Ortega ; prólogo de José Camón Aznar.
260 ## - PUBLICACIÓN, DISTRIBUCIÓN, ETC.
Lugar de publicación, distribución, etc. Santander :
Nombre del editor, distribuidor, etc. Revista de Humanidades,
Fecha de publicación, distribución, etc. 1970.
300 ## - DESCRIPCIÓN FÍSICA
Extensión 82 p., 11 lám. ;
Dimensiones 24 cm.
700 1# - ENTRADA AGREGADA--NOMBRE PERSONAL
Nombre de persona Alvarez Ortega, Rafael,
Fechas asociadas al nombre 1927-
9 (RLIN) 20895
700 1# - ENTRADA AGREGADA--NOMBRE PERSONAL
Nombre de persona Camón Aznar, José,
Fechas asociadas al nombre 1898-1979
9 (RLIN) 34095
852 ## - LOCALIZACIÓN
Ubicación ES-MaACL
Número de control de estantería C-37595
Sublocalización o colección R.76387
Holdings
Estatus retirado Estado de pérdida Estado de daño No para préstamo Biblioteca de origen Biblioteca actual Ubicación en estantería Fecha de adquisición Fuente de adquisición Total de préstamos Signatura topográfica completa Código de barras Visto por última vez Precio de reemplazo Tipo de ítem Koha
        Biblioteca del Ateneo de Madrid Biblioteca del Ateneo de Madrid Depósito 2 17/01/2008     C-37595 1133070 23/02/2023 23/02/2023 Libro impreso